| 000 | 01035nam a2200289 a 4500 | ||
|---|---|---|---|
| 001 | BRCA_8609 | ||
| 005 | 20190320210338.0 | ||
| 008 | 070916s1752----fr-a######---#000-0#fre-# | ||
| 041 | _afre | ||
| 044 | _afr | ||
| 050 | 4 |
_aNC1135 _b.M37 _c1752 |
|
| 100 | 1 |
_aMassé Baptiste, Jean _921519 |
|
| 245 | 1 | 0 |
_aLa grande galerie de versailles et les deux salons qui l´accompagment peints _cPeints par Charles le Brum dessineis par Jean Baptiste Massel. |
| 260 |
_aParís _bL´imprimerie royales _c1752 |
||
| 300 |
_a1 vol. (con varias paginaciones) _bil. _c69 cm |
||
| 500 | _aFondo antiguo | ||
| 500 | _aSe encuentra en Caja Fuerte | ||
| 500 | _aB-86 R-24 | ||
| 500 | _aContiene 52 grabados | ||
| 500 | _aNota de encuadernación: holandesa | ||
| 506 | 0 | _aFondo reservado: para su consulta es necesario credencial de usuario y carta de motivos | |
| 650 | 1 | 4 |
_aGrabados _ySiglo XVII _zFrancia _921520 |
| 650 | 1 | 4 |
_aPintura mural y decoración _zFrancia _921521 |
| 700 | 1 |
_aLe Brun, Charles _921522 |
|
| 902 | _aLAR | ||
| 942 |
_2lcc _cB |
||
| 999 |
_c8272 _d8272 |
||